00725nam a2200205 a 450000100100000000500170001000800410002702000150006804000250008308200150010810000380012324500750016126000910023630000210032749000160034883400160036404900090038095201130038999900170050200002218520200930011623.0100917s1995 mx 000 |bspa d a9682981247 aDO-SdBNPbspacBNPHU axxxbM953c1 aMuñiz-Huberman, Angelina94590310aCastillos en la tierra :bseudomemorias /cAngelina Muñiz-Huberman;. aMéxico D. F. :bEquilibrista :bConsejo Nacional para la Cultura y las Artes,c1995. a226 p. ;c21 cm. aHora Actual aHora Actual aBNGR 001050718MOaGRbGRcCTd2010-09-17iLF1l0oxxx M953cp22185-10r2020-06-25w2020-06-25y1ZNo se presta c21683d21683